Sociální a ekonomické souvislosti daňových asignací

Objasnenie pojmu daňová asognácia. Filozofia európskeho sociálneho modelu. Daňová preferencia. Pozitívne a negatívne aspekty daňovej asignácie. Negatíva a bariéry. Pozitíva a prednosti. Súčasné možnosti darcovstva v Českej republike. Zahraničné skúsenosti s daňovými asignáciami.

Saved in:
Bibliographic Details
Main Author: Kolibová, Helena
Other Authors: Janoušková, Jana
Format: Book Chapter
Language:Czech
Subjects:
Tags: Add Tag
No Tags, Be the first to tag this record!

MARC

LEADER 00000naa$a2200000$$$4500
001 0054728
005 20231017070154.6
041 0 |a cze 
044 |a CZ 
245 1 0 |a Sociální a ekonomické souvislosti daňových asignací  |c Helena Kolibová, Jana Janoušková 
520 |a Objasnenie pojmu daňová asognácia. Filozofia európskeho sociálneho modelu. Daňová preferencia. Pozitívne a negatívne aspekty daňovej asignácie. Negatíva a bariéry. Pozitíva a prednosti. Súčasné možnosti darcovstva v Českej republike. Zahraničné skúsenosti s daňovými asignáciami. 
610 2 0 |a Česko 
610 2 0 |a dane 
610 2 0 |a politika sociálna 
610 2 0 |a dotácie 
610 2 0 |a organizácie neziskové 
610 2 0 |a dary 
610 2 0 |a Európska únia 
610 2 0 |a krajiny vyspelé 
610 2 0 |a asignácia daňová 
100 1 |a Kolibová, Helena 
700 1 |a Janoušková, Jana